000 00496nam a2200181Ia 4500
005 20250508163906.0
008 008 250505s9999 xx 000 0 hin d
037 _aTextual
040 _aFEDL
_beng
_cFEDL
041 _ahin
_2hin
084 _a954.03, SIN
_qFEDL
100 _aK S Singh
_9776686
245 0 _aBirsa munda aur unka aandolan
260 _aNew Delhi, India
_bVani Prakashan
_c2001
300 _a350p.
942 _cTEXL
_h954.03, SIN
999 _c1385819
_d1385819